000 00587nam a22002177a 4500
001 00028660
005 20260326170758.0
008 260326b ag ||||| |||| 00| 0 spa d
020 _a9789876042543
040 _aAR-CcCEOS
_bspa
_cAR-CcCEOS
041 _aspa
080 _a929 Britos
090 _bBRI
100 1 _aBritos, Violeta
_9982
245 _aLuces y sombras :
_bCamino de perfumes /
_cVioleta Britos
250 _a1ª ed.
260 _aArgentina :
_bEDUCO,
_c2011.
300 _a140 p. ;
_c21x15 cm.
655 0 _adanza
_vexpresión corporal
_9983
942 _2udc
_cBK
_n0
999 _c28693
_d28693